000 00463nam a2200193Ia 4500
008 210210b2007 xxu||||| |||| 00| 0 eng d
041 _aeng
082 _a907.2 GOHR
100 _aGOHIT (Rajiv Kumar)
245 _aResearch methodology in history
260 _aNew Delhi
_bMurari Lal and Sons
_c2007
300 _a248
650 _aResearch
650 _amethodology
650 _ain
650 _ahistory
690 _aHistoriography
906 _a062273
999 _c117148
_d117148